000
00232nam a2200097Ia 4500
008
170627s9999 xx 000 0 und d
100
_a
SINGHAL-A.K.
245
0
_a
BASIC COSTING THEORY & PRACTICE
260
_b
VAYA EDUCATION
260
_c
2008
546
_a
ENGLISH
999
_c
35754
_d
35754